4D Cityscape Puzzles Quiz Stats

 Plays Quiz not verified by Sporcle

Support Sporcle.
Go Orange.
Score 0/13 Timer 06:00
0 Plays Today
% Correct
New York
92.9%
London
85.7%
Paris
85.7%
Chicago
71.4%
Toronto
60.7%
Tokyo
60.7%
Sydney
60.7%
Washington
57.1%
Las Vegas
57.1%
Hong Kong
53.6%
Berlin
53.6%
Dubai
42.9%
Shanghai
35.7%

You're not logged in!

Compare scores with friends on all Sporcle quizzes.
OR
Log In
Forgot?

From the Vault

True or False: Billboard #1 Albums

by JasonVoorhees

Not the kind of billboard that you see on the highway.
Remove Ads.
Support Sporcle.
Get the best of Sporcle when you Go Orange. This ad-free experience offers more features, more stats, and more fun while also helping to support Sporcle. Thank you for becoming a member.

Show Comments

Extras

Created Mar 7, 2011ReportNominate
Tags:Puzzle Quiz

Top Quizzes Today


Score Distribution

Your Account Isn't Verified!

In order to create a playlist on Sporcle, you need to verify the email address you used during registration. Go to your Sporcle Settings to finish the process.

Report this User

Report this user for behavior that violates our Community Guidelines.

Details: